000 00304nam a2200109Ia 4500
008 200302s9999 xx 000 0 und d
100 _aP V K Rameshwar
245 _aProceedings: 2nd IUDI National Urban Thesis Seminar 2010
260 _bCept University Press Ahmedabad
260 _c2012
300 _a113 P.,
999 _c5796
_d5796